| 000 | 00403nam a2200133Ia 4500 | ||
|---|---|---|---|
| 008 | 220204s9999 xx 000 0 und d | ||
| 082 |
_a631.42 _bSTE |
||
| 245 | 0 | _aSoil testing: Correlating and interperting the analytical results. | |
| 260 |
_aMadison _bAmerican soc of agronomy _c1978 |
||
| 490 | _aASA Special publication; no 29 | ||
| 650 | _aSoil testing | ||
| 700 | _aSTELLY, Matthias | ||
| 942 | _cBK | ||
| 999 |
_c32075 _d32075 |
||